1030 1309 1827 1837 1583 1659 1859 1263 1401 1233 1191 1497 1896 1671 1493 1294 1750 1937 1477 1900 1892 1945 1537 1323 1954 1736 1425 1995 1974 1820 1819 1990 1716 1144 1701 1252 1603 1341 1405 1077 1221 1504 1045 1969 1163 1485 1901 1550 1402 1810 1739 1695 1258 1481 1702 1022 1371 1571 1023 1436 1326 1169 1397 1843 1414 1903 1714 1495 1635 1636 1535 1259 1183 1323 1369 1394 1681 1921 1283 1878 1415 1851 1378 1100 1322 1349 1394 1763 1439 1785 1846 1502 1743 1606 1185 1723 1264 1730 1919 BCNSPRNW ULIB Ver.6.0+V

เปลี่ยนเป็นภาษาไทย

Change to English
 แสดงรายละเอียดบรรณานุกรม
  กลับหน้าหลัก

Brief Record : Get Marc (ISO 2709) : E-mail record : QR code < ปิดหน้าต่าง
LEADER : 00000nam 2200000uu 4500
001    13399125639
003     ULIB
008    170712s2559||||th 000 0 tha d
020    ^a9786163448101
060 04 ^aWB100^bภ414ห
100 0  ^aภาคภูมิ เดชหัสดิน
245 10 ^aหมอแล๊บ...ความเชื่อผิดๆชิดซ้าย เรื่องหลอกลวงชิดขวา /^cภาคภูมิ เดชหัสดิน
260    ^aกรุงเทพฯ :^bto share publishing house,^c2559.
300    ^a180 หน้า :^bภาพประกอบ ;^c18 ซม.
650  7 ^aสุขภาพ ^vรวมเรื่อง
945    ^p180^l0^i002617
999    ^aประนอม เกษจรัล
รายการนี้ยังไม่มีแท็ก
คุณยังไม่ได้ล็อกอิน คุณสามารถมีกิจกรรมร่วมกับเว็บไซต์ได้ แต่ต้องล็อกอินก่อน ::
  ล็อกอิน

รายการสื่อสารสนเทศ

ลำดับที่ ประเภท เลขเรียก/บาร์โค้ด สถานที่ สถานะ
1. วิทยาศาสตร์การแพทย์ และสุขภาพ
วิทยาศาสตร์การแพทย์ และสุขภาพ
สถานะ=หนังสือเก่า
WB100 ภ414ห ฉ.1 
  Barcode: 002617
ห้องสมุดวิทยาเขตสวรรค์ประชารักษ์
►ส่วนจัดเก็บหนังสือเก่า สปร
บนชั้น
  ขอยืม

รายการใกล้เคียง
    ผู้แต่ง [ภาคภูมิ เดชหัสดิน]

BibComment


ยังไม่เคยถูกคอมเมนท์

คอมเมนท์ทรัพยากรรายการนี้
  คอมเมนท์: หมอแล๊บความเชื่อ..


 Copyright 2026. Bcnsprnw @Library